Using panoramic images to enhance safety training and hazard identification in construction projects / (رقم التسجيلة. 179706)
[ عرض عادي ]
| 000 -LEADER | |
|---|---|
| fixed length control field | 04203namaa22004211i 4500 |
| 003 - CONTROL NUMBER IDENTIFIER | |
| control field | EG-GICUC |
| 005 - أخر تعامل مع التسجيلة | |
| control field | 20260423165020.0 |
| 008 - FIXED-LENGTH DATA ELEMENTS--GENERAL INFORMATION | |
| fixed length control field | 260423s2025 ua a|||frm||| 000 0 eng d |
| 040 ## - CATALOGING SOURCE | |
| Original cataloguing agency | EG-GICUC |
| Language of cataloging | eng |
| Transcribing agency | EG-GICUC |
| Modifying agency | EG-GICUC |
| Description conventions | rda |
| 041 0# - LANGUAGE CODE | |
| Language code of text/sound track or separate title | eng |
| Language code of summary or abstract | eng |
| -- | ara |
| 049 ## - Acquisition Source | |
| Acquisition Source | Deposit |
| 082 04 - DEWEY DECIMAL CLASSIFICATION NUMBER | |
| Classification number | 720.47 |
| 092 ## - LOCALLY ASSIGNED DEWEY CALL NUMBER (OCLC) | |
| Classification number | 720.47 |
| Edition number | 21 |
| 097 ## - Degree | |
| Degree | M.Sc |
| 099 ## - LOCAL FREE-TEXT CALL NUMBER (OCLC) | |
| Local Call Number | Cai01.13.05.M.Sc.2025.To.U |
| 100 0# - MAIN ENTRY--PERSONAL NAME | |
| Authority record control number or standard number | Toka Mahmoud Abd El-Salam Taha Salem, |
| Preparation | preparation. |
| 245 10 - TITLE STATEMENT | |
| Title | Using panoramic images to enhance safety training and hazard identification in construction projects / |
| Statement of responsibility, etc. | by Toka Mahmoud Abd El-Salam Taha Salem ; Supervisors Prof. Mohamed Mahdy Marzouk. |
| 246 15 - VARYING FORM OF TITLE | |
| Title proper/short title | تاثير صلب تسليح الإنحناء والكانات علي سلوك القص الثاقب للبلاطات الخرسانية المسلحة |
| 264 #0 - PRODUCTION, PUBLICATION, DISTRIBUTION, MANUFACTURE, AND COPYRIGHT NOTICE | |
| Date of production, publication, distribution, manufacture, or copyright notice | 2025. |
| 300 ## - PHYSICAL DESCRIPTION | |
| Extent | 100 pages : |
| Other physical details | illustrations ; |
| Dimensions | 30 cm. + |
| Accompanying material | CD. |
| 336 ## - CONTENT TYPE | |
| Content type term | text |
| Source | rda content |
| 337 ## - MEDIA TYPE | |
| Media type term | Unmediated |
| Source | rdamedia |
| 338 ## - CARRIER TYPE | |
| Carrier type term | volume |
| Source | rdacarrier |
| 502 ## - DISSERTATION NOTE | |
| Dissertation note | Thesis (M.Sc)-Cairo University, 2025. |
| 504 ## - BIBLIOGRAPHY, ETC. NOTE | |
| Bibliography, etc. note | Bibliography: pages 79-85. |
| 520 #0 - SUMMARY, ETC. | |
| Summary, etc. | Construction accidents are rising due to workers' lack of safety knowledge, highlighting <br/>the need for more effective training methods. Traditional safety training is often <br/>uninspiring, leading to the adoption of visualization techniques like augmented 360-<br/>degree panoramas. This research develops a game-based hazard identification platform <br/>using augmented 360-degree images to enhance safety training. The methodology <br/>includes three stages: identifying safety practices through expert interviews, developing <br/>the platform using Unity 3D with OSHA-based hazard identification, and evaluating its <br/>effectiveness through user testing. Thirty participants from two construction sites tested <br/>the platform, assessing its interface and their game experience. Feedback was collected <br/>via a 22-question survey and analyzed using SPSS. Results showed that 92% of <br/>participants positively rated the user interface, and 97% recommended the platform as <br/>an effective, immersive training tool. The study concludes that augmented 360-degree <br/>environments can improve hazard recognition while minimizing real-life risks. |
| 520 #0 - SUMMARY, ETC. | |
| Summary, etc. | يقدم هذا البحث منهجية تعتمد على الصور البانورامية المعززة لتحديد المخاطر في مشاريع التشييد، من خلال منصة تدريبية تُعرّف المشاركين على المخاطر وتساعدهم على اتباع تدابير التخفيف اللازمة، وتم تطوير هذه المنهجية عبر ثلاث مراحل: تحديد ممارسات السلامة المتبعة في مواقع التشييد المصرية من خلال مقابلات مع خبراء، تطوير المنصة باستخدام Unity 3D وربطها بمعايير OSHA، ثم تقييم المنصة وتحليل نتائجها إحصائيًا. وأظهرت نتائج تقييم المنصة، التي تم اختبارها مع 30 مشاركًا من مشروعين مختلفين، أن 92% منهم قدموا تقييمًا إيجابيًا لواجهات المستخدم، 97% أوصوا باستخدامها كأداة تدريبية فعّالة لتوفير تجربة واقعية دون تعريض المتدربين للمخاطر الفعلية في مواقع التشييد. |
| 530 ## - ADDITIONAL PHYSICAL FORM AVAILABLE NOTE | |
| Issues CD | Issues also as CD. |
| 546 ## - LANGUAGE NOTE | |
| Text Language | Text in English and abstract in Arabic & English. |
| 650 #0 - SUBJECT ADDED ENTRY--TOPICAL TERM | |
| Topical term or geographic name entry element | Construction Projects |
| 650 #0 - SUBJECT ADDED ENTRY--TOPICAL TERM | |
| Topical term or geographic name entry element | مشاريع التشييد |
| 653 #1 - INDEX TERM--UNCONTROLLED | |
| Uncontrolled term | Construction Safety Training |
| -- | 360-degree Panoramic Images |
| -- | Hazard Identification |
| -- | Virtual Reality |
| -- | Statistical Analysis |
| -- | التدريب على السلامة في مشاريع التشييد |
| -- | الصور البانورامية |
| 700 0# - ADDED ENTRY--PERSONAL NAME | |
| Personal name | Mohamed Mahdy Marzouk |
| Relator term | thesis advisor. |
| 900 ## - Thesis Information | |
| Grant date | 01-01-2025 |
| Supervisory body | Mohamed Mahdy Marzouk |
| Discussion body | Ahmed Saad Eldin Eldieb |
| -- | Emad Shaker Bakhoum |
| Universities | Cairo University |
| Faculties | Faculty of Engineering |
| Department | Department of Structural Engineering |
| 905 ## - Cataloger and Reviser Names | |
| Cataloger Name | Shimaa |
| 942 ## - ADDED ENTRY ELEMENTS (KOHA) | |
| Source of classification or shelving scheme | Dewey Decimal Classification |
| Koha item type | Thesis |
| Edition | 21 |
| Suppress in OPAC | No |
| Source of classification or shelving scheme | Home library | Current library | Date acquired | Inventory number | Full call number | Barcode | Date last seen | Effective from | Koha item type |
|---|---|---|---|---|---|---|---|---|---|
| Dewey Decimal Classification | المكتبة المركزبة الجديدة - جامعة القاهرة | قاعة الرسائل الجامعية - الدور الاول | 23.04.2026 | 93867 | Cai01.13.05.M.Sc.2025.To.U | 01010110093867000 | 23.04.2026 | 23.04.2026 | Thesis |